• 首页
  • 本馆介绍
  • 公告通知
  • 最新文献
  • 馆藏检索
  • 电子资源
  • 读者导购
  • 参考咨询
  • 我的图书馆
  • 登录
  • 详细信息显示
  • 放入我的书架
  • 预约/预借图书
  • 作者相关作品
  • 分类相关作品
  • 丛书相关作品
  • 出版社相关作品

书目信息

  • 表格格式
  • 工作单格式
  • 卡片格式
题名:
中国农村统计年鉴
    
 
作者: ;国家统计局农业统计司 编
分册: 1989  
出版信息: 北京   中国统计出版社  1989
页数: 442页
开本: 21cm
丛书名:
单 册:
中图分类: F322
科图分类:
主题词: 农村经济-经济统计--中国--1985--年鉴 , 经济统计-农村经济--中国--1985--年鉴 , 农业经济--中国
电子资源:
ISBN: 7-5037-0264-8
000 00790nam0 2200253 45
001 0186003205
005 20061028091922.37
010    @dCNY8.30@a7-5037-0264-8
100    @a19951012d1989 em y0chiy0121 ea
101 0  @achi
102    @aCN@b110000
102    @aCN@b110000
105    @ay z 000yy
200 10 @a中国农村统计年鉴@Azhong guo nong cun tong ji nian jian@h1989@f国家统计局农业统计司编
210    @a北京@c中国统计出版社@d1989
215    @a442页@d21cm
606    @a农村经济-经济统计@y中国@z1985@x年鉴
606    @a经济统计-农村经济@y中国@z1985@x年鉴
606 0  @a农业经济@x中国
690    @aF322
711 02 @a国家统计局农业统计司@4编@Aguo jia tong ji ju nong ye tong ji si
801  2 @aCN@bNLC@c20061028
801  0 @aCN@b深圳图书馆@c20060809
905    @dF322@e17:(1989)
    
    中国农村统计年鉴.1989/国家统计局农业统计司编.-北京:中国统计出版社,1989
    442页;21cm
    
    
    ISBN 7-5037-0264-8:CNY8.30
    
●
相关链接 在E读中查询图书 在五车中查询图书 在当当中查询图书 在豆瓣中查询图书


正题名:中国农村统计年鉴     索取号:F322/17:(1989)         预约/预借

序号 登录号 条形码 馆藏地/架位号 状态 备注
1 0227218   000212594   第一样本阅览室/ [索取号:F322/17:(1989)] 在馆    
唐山师范学院图书馆 欢迎您!
大连网信软件有限公司© 版权所有